ADULT IMMUNIZATION (Record no. 216420)

MARC details
000 -LEADER
fixed length control field 00502nam a22001817a 4500
008 - FIXED-LENGTH DATA ELEMENTS--GENERAL INFORMATION
fixed length control field 260107b |||||||| |||| 00| 0 eng d
020 ## - INTERNATIONAL STANDARD BOOK NUMBER
International Standard Book Number 978-93-5152-190-7
050 ## - LIBRARY OF CONGRESS CALL NUMBER
Classification number RA 638.A38 2015
100 ## - MAIN ENTRY--PERSONAL NAME
Personal name MURUGANATHAN A
245 ## - TITLE STATEMENT
Title ADULT IMMUNIZATION
260 ## - PUBLICATION, DISTRIBUTION, ETC.
Place of publication, distribution, etc. INDIA
Name of publisher, distributor, etc. JAYPEE BROTHERS MEDICAL PUBLISHERS
Date of publication, distribution, etc. 2015
300 ## - PHYSICAL DESCRIPTION
Extent X,279
500 ## - GENERAL NOTE
General note INCLUDES AN INDEX
650 ## - SUBJECT ADDED ENTRY
Topical term or geographic name entry element Immunization handbooks-Vaccine handbooks
700 ## - ADDED ENTRY--PERSONAL NAME
Personal name DAGA SURENDRA
942 ## - ADDED ENTRY ELEMENTS (KOHA)
Source of classification or shelving scheme Library of Congress Classification
Koha item type Long Loan Book
Holdings
Withdrawn status Lost status Source of classification or shelving scheme Damaged status Not for loan Collection Home library Current library Shelving location Date acquired Inventory number Total checkouts Full call number Barcode Date last seen Copy number Price effective from Koha item type
    Library of Congress Classification     Medicine Kisii University Library Kisii University Library On Display 01/07/2026 110791   RA 638.A38 2015 000000018586 01/07/2026 C.1 01/07/2026 Long Loan Book
    Library of Congress Classification     Medicine Kisii University Library Kisii University Library On Display 01/07/2026 110794   RA 638.A38 2015 000000018585 01/07/2026 C.4 01/07/2026 Long Loan Book
    Library of Congress Classification     Medicine Kisii University Library Kisii University Library On Display 01/07/2026 110793   RA 638.A38 2015 000000024648 01/07/2026 C.3 01/07/2026 Long Loan Book
    Library of Congress Classification     Medicine Kisii University Library Kisii University Library On Display 01/07/2026 110792   RA 638.A38 2015 000000024649 01/07/2026 C.2 01/07/2026 Long Loan Book